00381nam a22001337a 4500003000700000005001700007008004100024082002500065100003800090245006000128260004600188300000800234650000500242MPLRDC20220104142810.0210129b ||||| |||| 00| 0 eng d a051.5 K1GS 1949-1952 a雪兰莪州立高师班同学会 a雪兰莪州立高师班同学会纪念刊. 1949-1952c ab雪兰莪州立高师班同学会c1952 b精 a